000
00299nam a22001337a 4500
008
181220b xxu||||| |||| 00| 0 eng d
020
_a
9780761921912
041
_a
eng
080
_2
3rd
_a
371
100
_a
46
101
_a
EDU
245
_a
Survey Research Methods
_c
Fowler,F.J
942
_2
udc
_c
BK
999
_c
53570
_d
53570